Les réseaux sociaux en France - Statistiques

Statistiques générales
  • Ce quiz a été pris 408 fois
  • Le résultat moyen est 6 sur 8
Statistiques - réponses
Utilisateurs mensuels Réseau social % Correct
44,9 millions Facebook
97%
25 millions Instagram
97%
15,2 millions Snapchat
93%
15,7 millions Twitter
89%
45,1 millions YouTube
66%
17,8 millions Whatsapp
65%
12,4 millions Pinterest
37%
13,5 millions LinkedIn
33%
Aucun quiz correspondant
Distribution des résultats
% des personnes avec chaque résultat
Percentile par nombre de réponses
Votre historique - résultats
Vous n’avez pas pris ce quiz